000 01123nam a22002415i 4500
001 162368
003 ES-MaACL
005 20250903021743.0
008 041108s1899 fr |||| | fre d
040 _aCAM
_bspa
_cCAM
100 0 _aPoincaré, Henri.
_992751
245 1 0 _aThéorie du potentiel newtonien
_b: leçons professées pendant le premier semestre 1894-1895 /
_cpar H. Poincaré ; rédigées par Edouard Le Roy, Georges Vincent.
260 _aParis :
_bGauthier-Villars, imprimeur-libraire,
_c1899 (
_eEvreux :
_fImprimerie de Charles Hérissey)
300 _a366 p. ;
_c25 cm.
490 1 _aCours de la Faculté des Sciences de Paris. Cours de physique mathématique
596 _aExiste emisión con pie de imp.: "Paris : Georges Carré et C. Naud, éditeurs, 1899"
650 7 _aTeoría del potencial
_2embne
_9136757
700 0 _aLe Roy, Edouard.
_970928
700 1 _aVincent, Georges.
_9133782
830 0 _aCours de la Faculté des Sciences de Paris. Cours de physique mathématique
_9188390
852 _aES-MaACL
_jG-5855
_z-- Enc. hol., conservando la cub. original
999 _c162368
_d162368